| 000 | 00416nam a22001457a 4500 | ||
|---|---|---|---|
| 005 | 20180209095038.0 | ||
| 008 | 180209b xxu||||| |||| 00| 0 eng d | ||
| 040 | _cPK-LaUMT | ||
| 082 |
_aPKAC 297.74 _bYAS-R |
||
| 100 | _aYasmeen Hameed | ||
| 245 |
_aRah e haq per qadam ba qadam/ _cYasmeen Hameed |
||
| 260 |
_bتحریک اسلامی پاکستان حلقئہ خواتین _c2006 |
||
| 300 | _a228 | ||
| 942 | _cBK | ||
| 999 |
_c102915 _d102915 |
||